00714nam a2200217 a 450000500170000000800410001702000150005804000250007304100080009808200170010610000170012324501440014026000610028430000500034565000290039565000090042465000130043365000180044665000140046470000180047820160104051215.0140224t1990 dk ||||fr|||| 00| 0 eng d a8788757161 aCO-BoIAVHcCO-BoIAVH aeng a598.09bF56b1 aFjeldsa, Jon1 aBirds of the high Andesba manual to the birds of the temperate zone of the Andes and Patagonia, South AmericacJon Fjeldsa y Niels krabbe  aCopenhaguebUniversity of CopenhagenbApollo Booksc1990 a880 páginas :bilustraciones ;c24 x 17 cm.4 aEcosistemas de montaña aAves aAvifauna aZona templada aPatagonia aKrabbe, Niels